Principios de ilustración.

Guardat en:
Dades bibliogràfiques
Autor principal: Zeegen, Lawrence (autor)
Altres autors: Fenton, Louise (edición revisada)
Format: Llibre
Publicat: Barcelona, España: Editorial Gustavo Gili, 2013.
Edició:Segunda edición actualizada y ampliada.
Matèries:
Accés en línia:Disponible Online
Etiquetes: Afegir etiqueta
Sense etiquetes, Sigues el primer a etiquetar aquest registre!

MARC

LEADER 00000nam a22000007a 4500
003 CL-VaPUC
005 20250410104000.0
008 250109t2013 ||||| |||| 00| 0 eng d
999 |c 446393  |d 446391 
020 |a 978-84-252-2592-5 
020 |a 9788425226441  |q (electronic bk.) 
020 |a 8425226449  |q (electronic bk.) 
040 |c Pontificia Universidad Católica de Valparaíso 
082 |a 741.6 ZEE 2013 
100 |9 895154  |a Zeegen, Lawrence  |e autor 
245 |a Principios de ilustración. 
250 |a Segunda edición actualizada y ampliada. 
260 |a Barcelona, España:  |b Editorial Gustavo Gili,  |c 2013. 
300 |a 183 páginas. 
300 |a 1 online resource (185 pages) 
500 |a c.1-c.3. Instituto Arcos.08-01-2025. e-book Instituto Arcos 8-1-2025. 
583 |c 20250109  |k Gabriela Rodríguez Cuevas 
650 0 |9 266874  |a Diseño gráfico  |x Ilustraciones  |x Principios y fundamentos 
655 4 |a Libros electronicos.  |9 896913 
700 |9 895248  |a Fenton, Louise  |e edición revisada 
856 4 0 |u https://pucv.idm.oclc.org/login?url=https://search.ebscohost.com/login.aspx?direct=true&scope=site&db=nlebk&db=nlabk&AN=855358  |y Disponible Online   |3 EBSCOhost 
942 |2 ddc  |c BK 
952 |0 0  |1 0  |2 ddc  |4 0  |6 741_600000000000000_ZEE_2013  |7 0  |9 599015  |a BIBINC  |b BIBINC  |c GEN  |d 2025-01-09  |e Instituto Arcos  |i 5663942  |l 1  |m 1  |o 741.6 ZEE 2013  |p 5663942  |r 2025-04-10  |s 2025-03-27  |t 1  |w 2025-01-09  |y BK  |k IFP 
952 |0 0  |1 0  |2 ddc  |4 0  |6 741_600000000000000_ZEE_2013  |7 0  |9 599016  |a BIBINC  |b BIBINC  |c GEN  |d 2025-01-09  |e Instituto Arcos  |i 5663941  |o 741.6 ZEE 2013  |p 5663941  |r 2025-01-09  |t 2  |w 2025-01-09  |y BK  |k IFP 
952 |0 0  |1 0  |2 ddc  |4 0  |6 741_600000000000000_ZEE_2013  |7 0  |9 601291  |a BIBINC  |b BIBINC  |c GEN  |d 2025-03-14  |e Instituto Arcos  |i 5666191  |l 2  |o 741.6 ZEE 2013  |p 5666191  |q 2025-05-23  |r 2025-04-23  |s 2025-04-23  |t 3  |w 2025-01-09  |y BK  |k IFP 
952 |0 0  |1 0  |2 ddc  |4 0  |6 741_600000000000000_ZEE_2013  |7 5  |8 A  |9 602378  |a BIBINC  |b BIBINC  |c ONLINE  |d 2025-04-10  |e Instituto Arcos   |i 446393  |o 741.6 ZEE 2013  |p 446393  |r 2025-04-10  |w 2025-04-10  |y EBK  |k IFP